Southeast Asia Trivia #1 - Statistics

General Stats
  • This quiz has been taken 66 times
  • The average score is 11 of 15
Answer Stats
Question Answer % Correct
Which Southeast Asian city is not part of Indonesia? Georgetown
89%
What is the name of the transport that several drivers use to take tourists anywhere? Tuk-tuk
89%
Which Southeast Asia practices Christianity as their primary religion? Philippines
87%
Which of the following countries is the newest to the Southeast Asian region? Timor Leste
87%
Which one of those fruits come from Southeast Asia? Durian
84%
Which Southeast Asian currency does Thailand use? Baht
82%
Which Southeast Asian nation is the one that was never colonized? Thailand
82%
What building is shown on Cambodia's flag? Angkor Wat
79%
Which one of those Southeast Asian countries are not monarchies? Singapore
79%
Name the nations that share the island of Borneo? Indonesia, Brunei, Malaysia
77%
Which one of those endangered animals are not found in Southeast Asia? Przewalski's Wild Horse
77%
Which one of these rivers are not part of Southeast Asia? Yangtze
68%
Indonesia is often named as the world’s biggest archipelago. How many islands does it have? More than 17,000
60%
Which one of those Southeast Asian tiger species no longer exist? Balinese Tiger
48%
Which capital city in Southeast Asia has the longest name? Bangkok
40%
No matching quizzes found
Score Distribution
Percent of People with Each Score
Percentile by Number Answered
Your Score History
You have not taken this quiz